1821 1570 1100 1966 1723 1439 1846 1624 1766 1023 1550 1272 1208 1907 1662 1692 1148 1107 1028 1998 1382 1072 1776 1589 1190 1047 1009 1376 1105 1921 1389 1250 1873 1787 1431 1653 1222 1040 1422 1539 1242 1353 1907 1469 1012 1780 1001 1941 1388 1775 1512 1632 1152 1732 1302 1186 1857 1797 1269 1775 1655 1685 1585 1531 1353 1792 1733 1599 1096 1460 1601 1943 1186 1221 1004 1738 1551 1317 1048 1108 1153 1266 1324 1772 1196 1820 1878 1256 1502 1519 1474 1167 1681 1160 1331 1130 1170 1371 1263 BCNSPRNW ULIB Ver.6.0+V

เปลี่ยนเป็นภาษาไทย

Change to English
 แสดงรายละเอียดบรรณานุกรม
  กลับหน้าหลัก

Brief Record : Get Marc (ISO 2709) : E-mail record : QR code < ปิดหน้าต่าง
LEADER : 00000nam 2200000uu 4500
001    13399128470
003     ULIB
008    020711s2023 th a 000 0 eng d
020    ^a9780323796088
060    ^aWS200^bR289N
100    ^aRebecca Tenney
245    ^aNetter s Pediatrics
250    ^a2nd ed
260    ^aphiladelphia :^bElsevier,^c2023
300    ^a871 pages;^c30 cm
650    ^aPediatrics
945    ^p3710^l0^i010214
945    ^p3710^l0^i011930
999    ^aประนอม เกษจรัล
รายการนี้ยังไม่มีแท็ก
คุณยังไม่ได้ล็อกอิน คุณสามารถมีกิจกรรมร่วมกับเว็บไซต์ได้ แต่ต้องล็อกอินก่อน ::
  ล็อกอิน

รายการสื่อสารสนเทศ

ลำดับที่ ประเภท เลขเรียก/บาร์โค้ด สถานที่ สถานะ
1. วิทยาศาสตร์การแพทย์ และสุขภาพ
หนังสือสำรอง
สถานะ=หนังสือสำรอง
WS200 R289N ฉ.1 
  Barcode: 010214
ห้องสมุดวิทยาเขตสวรรค์ประชารักษ์
►หนังสือทั่วไป
บนชั้น
2. วิทยาศาสตร์การแพทย์ และสุขภาพ
วิทยาศาสตร์การแพทย์ และสุขภาพ
WS200 R289N ฉ.2 
  Barcode: 011930
ห้องสมุดวิทยาเขตสวรรค์ประชารักษ์
►หนังสือทั่วไป
บนชั้น

รายการใกล้เคียง
    หัวเรื่อง [Pediatrics]

BibComment


ยังไม่เคยถูกคอมเมนท์

คอมเมนท์ทรัพยากรรายการนี้
  คอมเมนท์: Netter s Pediatr..


 Copyright 2026. Bcnsprnw @Library